Star Academy - Toutes les hymnes de l'émission - Statistiques

Statistiques générales
  • Ce quiz a été pris 412 fois
    192 depuis la dernière actualisation
  • Le résultat moyen est 6 sur 13
Statistiques - réponses
Hint Réponse % Correct
Saison 12 Recommence-moi de Santa
90%
Saison 13 Voulez-vous de ABBA
88%
Saison 1 La Musique de Nicoletta
72%
Saison 11 Au bout de mes rêves de Jean-Jacques Goldman
69%
Saison 10 Ne partez pas sans moi de Céline Dion
69%
Saison 4 Laissez-moi danser de Dalida
52%
Saison 2 Musique de Michel Berger
47%
Saison 3 La Bamba de Ritchie Valens
35%
Saison 5 Je ne suis pas un héros de Daniel Balavoine
31%
Saison 9 Parce qu'on vient de loin de Corneille
19%
Saison 8 Chante de The Carpenters
15%
Saison 7 Bangla Desh de George Harrison
8%
Saison 6 Y'a qu'un ch'veu de Michel Polnareff
6%
Aucun quiz correspondant
Distribution des résultats
% des personnes avec chaque résultat
Percentile par nombre de réponses
Votre historique - résultats
Vous n’avez pas pris ce quiz depuis la dernière actualisation